000 00413nam a2200145Ia 4500
008 191111s9999 xx 000 0 und d
020 _a9781305861862
100 _aRathus, Spencer A.
245 _cSpencer A. Rathus.--
_aChildhood :
_bvoyages in development /
250 _a6th ed
260 _aUSA :
_bCengage Learning
_c2017
300 _axxxiv, 447 pages.
650 _aChild development
650 _aChildren
999 _c362647
_d362647